000 01350nam a22003737a 4500
003 CHAP
005 20220329141016.0
008 971013s1996 r 00010 d
010 _a61234
011 _a62206
035 _a66380
040 _cCHAP
090 _aTesis
100 0 0 _aFlorencio Cruz, Valentín.
_941354
245 _aRentabilidad y ventajas comparativas de la producción de alfalfa en el estado de Hidalgo, 1996-2000
260 _aChapingo, Méx. :
_bEl autor,
_c1996
300 _a111 h.
_b; gráfs. ; anexos
502 _aTesis (Lic. en Economía Agrícola) -- UACH. Departamento de Economía Agrícola
590 _aALEPH
_b10
_c20130110
_lUCH01
_h1341
590 _aBATCH-UPD
_b10
_c20130110
_lUCH01
_h0221
590 _aBATCH-UPD
_b10
_c20130110
_lUCH01
_h2157
590 _aBATCH-UPD
_b10
_c20130409
_lUCH01
_h2241
590 _aBATCH-UPD
_b10
_c20130410
_lUCH01
_h1505
590 _aBATCH-UPD
_b10
_c20130914
_lUCH01
_h0017
590 _aBATCH-UPD
_b10
_c20130914
_lUCH01
_h2151
590 _aCONVERSION
_b10
_c20130109
_lUCH01
_h1333
650 1 4 _aAlfalfa
_xAspectos económicos.
_93849
650 1 4 _aAlfalfa
_xCostos de produccion.
_93856
650 1 4 _aAlfalfa
_xHidalgo.
_93871
901 _aBK
942 _cFOLL
949 _bBC
_cTES
_d-151560
_eTS1
_h29515
_i66380
_si
949 _bBC
_cTES
_d33724000622387
_eTS2
_fc.2
_h29516
_i66380
_si
999 _c61234
_d61234